000 01188nam a2200241Ia 4500
003 Ost
005 20260416102350.0
008 260416s9999||||xx |||||||||||||| ||und||
040 _cfsecg
041 _aara
082 _a657
100 _aبن ربيع، حنيفة
_eمؤلف
245 0 _aالمحاسبة المعمقة /
_c حنيفة بن ربيع
260 _aالجزائر
_bجامعة الجزائر3: كلية العلوم الإقتصادية، العلوم التجارية وعلوم التسيير
_c2014
300 _a129 ورقة
_bايضاحات
_c30 سم
504 _aمراجع ص.128
520 _aأساسيات المحاسبة المالية، الغلافات التجارية، الرسم على القيمة المضافة TVA، محاسبة الأجور، الاهتلاكات، تدني قيمة التثبيتات، اعادة التقييم
653 _aالاجور- محاسبة
653 _aالمحاسبة
653 _aالمحاسبة التحليلية
710 _aجامعة الجزائر3: كلية العلوم الإقتصادية، العلوم التجارية وعلوم التسيير
_eناشر علمي
942 _cHANDOUT
999 _c40974
_d40974